00293nam a22000977a 4500040000700000082000800007100001900015245008700034260006500121300000900186 cHS a639 aHUOT KONGHEANG aវារីវប្បកម្មរួមផ្សំ intergrated aquaculture  aprek leap national school of agriculturebHUOT KONGHEANGcNA a61p.